00639 a2200193 450000500170000000800410001702000150005804000510007304100080012410000260013224500730015825000110023126000320024230000420027449000380031665000360035465000350039070000200042520180312141951.0131102s2001 sp a br|||| 00| 0 spa d a8434860929 aCO-BoUCMbspacJose A. GerenadDiana Londoño00aspa1 aCortés, José Luis13aUn culete independientecJosé Luis Cortés , ilustraciones de Avi a17a Ed c2001bSMaMadrid (España) a[32] páginasbilustraciones a color aEl barco de vaporaLos piratasv1 7aCuentos ilustrados para niños 7aLiteratura infantil española0 aAvieilustrador